KPOP GROUP start with letter "C"(2026 update) - Statistics

General Stats
  • This quiz has been taken 91 times
    16 since last reset
  • The average score is 5 of 16
Answer Stats
Answer % Correct
M CORTIS
88%
F CLC
56%
M CRAVITY
56%
F Cherry Bullet
38%
M CIX
38%
F CLASS:y
31%
M CNBLUE
31%
F CIGNATURE
19%
M Ciipher
19%
M CLOSE YOUR EYES
19%
F CRAXY
19%
F Crayon POP
13%
M CROSS GENE
13%
F CSR
13%
F Celeb Five
6%
F C.I.V.A.
6%
No matching quizzes found
Score Distribution
Percent of People with Each Score
Percentile by Number Answered
Your Score History
You have not taken this quiz since the last reset